=LDR 00000nam 2200000 4500 =001 INLIS000000000016015 =005 20130612111306 =008 ***********************************Ind** =035 ##$$0010-061300000016015 =041 ##$$a Ind =082 ##$$a 345.05 =090 ##$$a 345.05, Erw h =100 ##$$a Erwin, Rudi T =245 ##$$a Himpunan peraturan-peraturan hukum acara pidana (sampai 1978), Drs. Rudy T. Erwin, SH. ; Rd. Soetarno Soedja SH =260 ##$$a 1979 $b Jakarta =300 ##$$a 456 hlm., 21 cm =650 ##$$a Hukum acara pidana =700 ##$$a Saja, Sutarno =850 ##$$a NBPNMAT